=LDR 00000nam 2200000 4500 =001 INLIS000000000001329 =005 20130612085732 =008 ***********************************Ind** =035 ##$$0010-061300000001329 =041 ##$$a Ind =082 ##$$a 028.5 =090 ##$$a 028.5; Dic-s =100 ##$$a DICKENS, Charles =245 ##$$a Sebuah Kidung Natal, Charles Dickers; alih bahasa Esther S. Manjani =260 ##$$a ...? $b Jakarta =300 ##$$a 95 hlm, ilus, 28 cm =650 ##$$a Bacaan Kanak-kanak =700 ##$$a MANJANI, Esther S =850 ##$$a NBPNMAT